000 01073 a2200265 4500
003 dpl
005 20090226121516.0
008 090226t xxu||||| |||| 00| 0 eng d
010 _aENG-89291
020 _a8122007317
_c600.00
035 _aEN-72824
037 _bDBAD / PUB
040 _aDPL
_cDPL
082 _a327.5405
245 _aSpotlight on neighbours:
_btalks at the IIC/
_cedited by I.P. Khosla
260 _aDelhi
_bKonark Publishers
_c2008
260 _aNew Delhi
_bIndia International Centre
_c2008
270 _aA-149, Main Vikas Marg
_bDelhi
_cDelhi
_e110092
_k23274050
_mkpp123@bol.net.in konarkpublishers@hotmail.com
300 _axi, 292p
_c22 cm ( Hb.)
500 _aIncludes index
700 _aI.P. Khosla
942 _adpl
_cEN
_k327.5405 / SPO
_2ddc
_h327.5405
_mSPO
999 _c10414
_d10414